[Event "Straume Bronstein Cup"]
[Site "Straume"]
[Date "2020.10.25"]
[Round "5"]
[White "Johannessen, Theo N"]
[Black "Larsen, Kasper1111"]
[Result "1/2-1/2"]
[WhiteElo "1625"]
[BlackElo "1243"]
[PlyCount "122"]
[EventDate "2020.10.25"]
[EventType "swiss (rapid)"]
[EventRounds "6"]
[EventCountry "NOR"]
[SourceTitle "EXT 2024"]
[Source "ChessBase"]
[SourceDate "2023.10.10"]
[SourceVersion "1"]
[SourceVersionDate "2023.10.10"]
[SourceQuality "1"]

1. d4 d5 2. Nf3 Nf6 3. c4 c6 4. Nc3 e6 5. Bg5 Nbd7 6. cxd5 exd5 7. Ne5 Be7 8. Nxd7 Bxd7 9. e3 0-0 10. Be2 Qb6 11. Qb3 h6 12. Bh4 Bf5 13. Qxb6 axb6 14. f3 Rfe8 15. Kd2 Nd7 16. Bxe7 Rxe7 17. g4 Bg6 18. Rhe1 Rae8 19. Bd3 Nf8 20. a4 Bxd3 21. Kxd3 Ng6 22. a5 bxa5 23. Rxa5 Nh4 24. Re2 Nxf3 25. b4 Ng5 26. b5 Ne4 27. Nxe4 Rxe4 28. bxc6 bxc6 29. h3 Rb8 30. Rc5 Re6 31. Rec2 Rb6 32. R2c3 Kh7 33. Ke2 Kg6 34. Kf3 h5 35. Kf4 Rf6+ 36. Kg3 hxg4 37. Kxg4 Re6 38. Kg3 Kg5 39. h4+ Kh5 40. Kh3 Rg6 41. e4 Rb1 42. Rg3 Rxg3+ 43. Kxg3 Rb3+ 44. Kg2 Kxh4 45. exd5 cxd5 46. Rxd5 Kg4 47. Rd7 Rb2+ 48. Kf1 f5 49. Rxg7+ Kf3 50. Kg1 Rb1+ 51. Kh2 f4 52. d5 Rd1 53. Rd7 Kf2 54. Rd8 f3 55. d6 Rd5 56. Kh3 Kg1 57. Rg8+ Kf1 58. Kg3 f2 59. Rf8 Kg1 60. Rxf2 Rxd6 61. Rg2+ Kf1 1/2-1/2

[Event "Reykjavik op"]
[Site "Reykjavik"]
[Date "2019.04.09"]
[Round "3"]
[White "Johannessen, Theo N"]
[Black "Brynjarsson, Einar Dagur"]
[Result "1-0"]
[WhiteElo "1456"]
[BlackElo "1097"]
[PlyCount "181"]
[EventDate "2019.04.08"]
[EventType "swiss"]
[EventRounds "9"]
[EventCountry "ISL"]
[SourceTitle "CBM 189 Extra"]
[Source "ChessBase"]
[SourceDate "2019.06.03"]
[SourceVersion "1"]
[SourceVersionDate "2019.06.03"]
[SourceQuality "1"]

1. d4 d5 2. Nf3 Nc6 3. Bf4 Nf6 4. e3 Bg4 5. c4 e6 6. Nc3 Bb4 7. Be2 Ne4 8. Qb3 a5 9. a3 a4 10. Qc2 Bxc3+ 11. bxc3 Bf5 12. Bd3 0-0 13. 0-0 Qf6 14. cxd5 exd5 15. c4 Qe6 16. cxd5 Qxd5 17. Nh4 g6 18. f3 Nd6 19. Nxf5 Nxf5 20. Bxf5 gxf5 21. Qb2 Na5 22. Qf2 Nb3 23. Qg3+ Kh8 24. Rad1 Na5 25. Rfe1 Nc4 26. Ra1 f6 27. Bxc7 Rg8 28. Qf2 Nd6 29. Bxd6 Qxd6 30. e4 fxe4 31. fxe4 Rgd8 32. Red1 Rac8 33. Rd3 Rc4 34. Rad1 Re8 35. Qf3 Rec8 36. h3 Rc1 37. Qe2 R8c3 38. Rxc1 Rxc1+ 39. Kf2 Qf4+ 40. Qf3 Rc2+ 41. Kg1 Rc1+ 42. Kf2 Rc2+ 43. Ke1 Qh4+ 44. g3 Qxh3 45. Qxf6+ Kg8 46. Qd8+ Kg7 47. Qg5+ Kh8 48. Qh4 Rc1+ 49. Rd1 Rxd1+ 50. Kxd1 Qf1+ 51. Kd2 Qf2+ 52. Kc3 Qe3+ 53. Kc4 Qb3+ 54. Kc5 Qxa3+ 55. Kd5 Qb3+ 56. Ke5 Qb5+ 57. d5 Qb2+ 58. Kf5 a3 59. Qd8+ Kg7 60. Qg5+ Kf8 61. Qd8+ Kf7 62. Qc7+ Kf8 63. d6 Qf2+ 64. Ke6 Qa2+ 65. Kf6 Qf2+ 66. Ke6 Qa2+ 67. Kd7 Qf7+ 68. Kc8 Qe8+ 69. Kxb7 Qxe4+ 70. Kb6 Qb4+ 71. Kc6 Qc4+ 72. Kb7 Qb5+ 73. Kc8 Qe8+ 74. Kb7 Qe4+ 75. Qc6 Qb4+ 76. Kc8 Qg4+ 77. d7 a2 78. Qd6+ Kf7 79. Qd5+ Ke7 80. Qe5+ Kf7 81. Qe8+ Kf6 82. Qf8+ Ke5 83. Qc5+ Kf6 84. Qc3+ Ke7 85. Qa3+ Kf7 86. Qxa2+ Ke7 87. Qa3+ Kf7 88. Qb3+ Ke7 89. Qe3+ Kd6 90. Qf4+ Qxf4 91. gxf4 1-0